Anatomy of an Ant - Statistics

General Stats
  • This quiz has been taken 18 times
  • The average score is 3 of 7
Answers on the Map
Answers color-coded by a green-red scale on the quiz's map according to % correct below.
 
Answer Stats
Answer % Correct
Head
92%
Legs
77%
Thorax
69%
Antennae
62%
Gaster
15%
Mandible
15%
Petiole
15%
No matching quizzes found
Score Distribution
Percent of People with Each Score
Percentile by Number Answered
Your Score History
You have not taken this quiz